Word Scramble - Asian Capitals - Statistics

General Stats
  • This quiz has been taken 17 times
  • The average score is 15 of 20
Answer Stats
Scramble Capital % Correct
liid Dili
100%
lsoeu Seoul
100%
aarkna Ankara
93%
ubka Baku
93%
akhad Dhaka
93%
laniam Manila
93%
kyoot Tokyo
93%
maeljsrue Jerusalem
86%
msuacads Damascus
79%
latuabarana Ulaanbaatar
79%
uibrte Beirut
71%
senatkht Tashkent
71%
vaeryen Yerevan
71%
camstu Muscat
64%
hraidy Riyadh
64%
alibdsamaa Islamabad
57%
allmukaupru Kuala Lumpur
57%
enatrh Tehran
57%
ntinavieet Vientiane
57%
egadwebnasnrraiba Bandar Seri Begawan
43%
No matching quizzes found
Score Distribution
Percent of People with Each Score
Percentile by Number Answered
Your Score History
You have not taken this quiz